Central Library OPAC University of Rajshahi

How Russia is ruled / (Record no. 7357)

MARC details
000 -LEADER
fixed length control field 00834cam a2200265u 4500
001 - CONTROL NUMBER
control field 7357
003 - CONTROL NUMBER IDENTIFIER
rucl marc code BD-RjUL
005 - DATE AND TIME OF LATEST TRANSACTION
control field 20211208234413.0
008 - FIXED-LENGTH DATA ELEMENTS--GENERAL INFORMATION
fixed length control field 140113s1953 maua 001 0 eng
035 ## - SYSTEM CONTROL NUMBER
System control number (BD-RjUL)7400
040 ## - CATALOGING SOURCE
Original cataloging agency DLC
Transcribing agency CarP
Modifying agency DLC
-- BD-RjUL
Language of cataloging eng
041 ## - LANGUAGE CODE
Language code of text/sound track or separate title eng
082 ## - DEWEY DECIMAL CLASSIFICATION NUMBER
Classification number 320.94708
Author mark and year FAH 1953
100 1# - MAIN ENTRY--PERSONAL NAME
Personal name Fainsod, Merle.
Dates associated with a name 1907-1972.
9 (RLIN) 8566
245 10 - TITLE STATEMENT
Title How Russia is ruled /
Statement of responsibility, etc. by Merle Fainsod.
260 ## - PUBLICATION, DISTRIBUTION, ETC. (IMPRINT)
Place of publication, distribution, etc. Cambridge :
Name of publisher, distributor, etc. Harvard University Press,
Date of publication, distribution, etc. 1953.
300 ## - PHYSICAL DESCRIPTION
Pagination xi, 575 p. :
Illustrations diagrs. ;
Size 25 cm.
490 ## - SERIES STATEMENT
Series statement Russian Research Center studies,
Volume/sequential designation 11.
504 ## - BIBLIOGRAPHY, ETC. NOTE
Bibliography, etc Includes Index.
651 #0 - SUBJECT ADDED ENTRY--GEOGRAPHIC NAME
Geographic name Russia
General subdivision Politics and government
Chronological subdivision 1917- [from old catalog]
9 (RLIN) 22988
830 ## - SERIES ADDED ENTRY--UNIFORM TITLE
Uniform title Russian Research Center studies,
Volume number/sequential designation 11.
942 ## - ADDED ENTRY ELEMENTS (KOHA)
Source of classification or shelving scheme Dewey Decimal Classification
Koha item type Books
Holdings
Lost status Source of classification or shelving scheme Damaged status Not for loan Collection code Permanent Location Current Location Shelving location Date acquired Source of acquisition Cost, normal purchase price Total Checkouts Full call number Date last seen Copy number Koha item type
  Dewey Decimal Classification   Not For Loan Non-fiction Central Library, University of Rajshahi Central Library, University of Rajshahi   27/02/1958 U. S. I. S. 0.00   320.94708 FAH 1953 13/01/2014 C-1 Books
  Dewey Decimal Classification     Non-fiction Central Library, University of Rajshahi Central Library, University of Rajshahi   02/11/1955 U.S. Book Exchange     320.94708 FAH 1953 17/11/2016 C-2 Books